00636nam a2200229 a 4500006001900000007000300019008004100022040001200063041000800075044000800083082002200091245003500113250001200148260004700160300007000207490001600277650001800293650001800311700002600329710004400355852000700399a|||||r|||| 00| 0 ta200213s1987 xxkb|||g ||||f00| 0 eng d aKObeng0 aeng axxk04223a623.8922bOc200aOcean Passages for the World / a4th ed. aTaunton :bHydrographer of the Navy,c1987 a314 p., [7] folded leaves of plates :bcol. ill., maps ;c30 cm.0 aN.P. ;v136 0aPilot guides. 0aTrade routes. aScott RN, C. J. de C.1 aGreat Britain.bHydrographic Department aKO